Paramore Missing Lyrics! - Statistics

General Stats
  • This quiz has been taken 908 times
  • The average score is 9 of 18
Answer Stats
Hint Answer % Correct
5 That's what you get when you __ ___ ____ ___ let your heart win
89%
9 And that was the day that I promised, I'd never sing of love __ __ ___ __ ____ if it does not exist
77%
2 I'll stop the whole world, I'll stop the whole world from _____ ___ _ _____ turning into a monster
73%
1 Some of us have to ____ __ sometimes grow up
68%
3 __ ___ __ to careful anymore You can't be
67%
11 If there's a _____ we want it future
63%
17 I'm not one of those ____ ____ crazy girls
58%
14 Can't count __ ____ _ __ ___ that we've been together the years on one hand
54%
8 __ ___ ____ ______ and we'll dig a deep hole Go get your shovel
53%
10 You treat me ___ ___, ______ stranger just like another
51%
7 I __ ___ __ ______ it's getting closer now can feel the pressure
39%
15 Nothing compares to _ ____ _____ ____ a quiet evening alone
36%
4 I don't mind ______ ___ ____ ____ but just give it time letting you down easy
35%
6 Keep on cramming ____ ____ ____ ____ ideas down my throat
29%
12 It's really not your fault that no one ____ __ ____ ____ __ cares to talk about it
26%
13 _ ___ ___ _ _____ __ he was the only one for me I told him I couldn't lie
20%
18 Now I think we've taken ___ __ __ this too far
19%
16 Give me _______, _ ___ it now attention I need
17%
No matching quizzes found
Score Distribution
Percent of People with Each Score
Percentile by Number Answered
Your Score History
You have not taken this quiz